Deutsche Geschichte - Januar - Statistiken

Allgemein
  • Dieses Quiz wurde 151 mal gespielt
  • Das Durchschnittsergebnis liegt bei 18 aus 31
Antwortstatistiken
Tag Jahr Frage Antwort % Korrekt
11 1827 Die Stadt Bremen erwirbt Land auf dem sie diesen Hafen/ diese Stadt errichtet B Bremerhaven
89%
1 1710 Cölln, Friedrichswerder, Dorotheenstadt und Friedrichstadt werden von Friedrich I. mit dieser Stadt vereint B Berlin
88%
5 1919 In Deutschland wird diese Partei gegründet N|D NSDAP | DAP
88%
26 1934 Nazi-Deutschland schließt mit diesem Nachbarland einen Nichtangriffspakt P Polen
88%
19 1919 Bei der Wahl zur Deutschen Nationalversammlung wird diese Partei stärkste Kraft S SPD
86%
30 1933 Dieser Nationalsozialist wird zum Reichskanzler ernannt H Adolf Hitler
82%
21 1924 Dieser russische Revolutionär, deutscher Abstammung, stirbt nahe Moskau L Lenin
82%
2 69 Im Vierkaiserjahr wird Aulus Vitellius in dieser deutschen Stadt zum Kaiser ausgerufen Moderner Name K Köln
81%
15 1990 Demonstranten stürmen das Hauptquartier dieses ostdeutschen Nachrichtendienstes um die Vernichtung von Unterlagen zu verhindern S Staatssicherheitsdienst
78%
4 1954 Diese Ruhrgebiets-Stadt stellt als erste deutsche Stadt Parkuhren auf D Duisburg
76%
18 1701 Dieser Herzog von Preußen, Markgraf von Brandenburg und Kurfürst des HRR krönt sich in Königsberg zum König in PreußenExakt 170 Jahre später wird sein Urururenkel in Versailles zum Deutschen Kaiser ausgerufen F Friedrich III.
76%
23 1930 In diesem deutschen Bundesland kommt es zur ersten Regierungsbeteiligung der Nationalsozialisten auf Landesebene T Thüringen
75%
20 1663 Der Immerwährende Reichstag tritt in dieser süddeutschen Stadt erstmals zusammen R Regensburg
71%
13 1935 In diesem Abstimmungsgebiet stimmt eine überwältigende Mehrheit (90,7%) für die Wiedereingliederung zum Deutschen Reich S {Saar}gebiet
68%
10 1356 Dieser römisch-deutsche Kaiser regelt in der Goldenen Bulle die Wahl der römisch-deutschen Könige durch die Kurfürsten K Karl IV.
65%
7 1995 Nach über 300 Jahren wird dieses römisch-katholische Bistum in Norddeutschland wiedererrichtet H Erzbistum {Hamburg}
62%
16 1864 Der Deutsche Bund stellt Dänemark ein Ultimatum zur Aufhebung der NovemberfassungDie Novemberverfassung verletzte vertraglich garantierte Rechte dieses deutschsprachigen Herzogtums S Schleswig
61%
24 1634 Kaiser Ferdinand II. entlässt diesen bekannten Feldherrn, während des Dreißigjährigen Krieges W Wallenstein
57%
27 1521 In dieser Stadt am Oberrhein tritt der Reichstag zusammen Drei Monate später verhängt Karl V. die Reichsacht über Martin Luther W Worms
53%
14 1897 Der Deutsche Emanuel Lasker verteidigt seinen Weltmeistertitel in diesem "Sport" S Schach
52%
12 1904 In Deutsch-Südwestafrika greifen Krieger unter Samuel Maharero die Stadt Okahandja an Dies stellt den Beginn dieses Aufstandes gegen die deutsche Kolonialherrschaft dar H {Herero}aufstand
45%
25 1077 Heinrich IV. trifft bei der Burg Canossa ein um den Papst um die Auflösung des Kirchenbanns zu bitten Der Gang nach Canossa gilt als Höhepunkt dieses Konflikts zwischen dem salischen König und Papst Gregor VII. I {Investitur}streit
42%
6 168 Mit einer Ansprache an die Prätorianer beginnt dieser römische Kaiser den Ersten Markomannenkrieg M Mark Aurel
38%
28 1810 Dieser Tiroler Freiheitskämpfer wird von französischen Soldaten gefangengenommen und drei Wochen später hingerichtet Der Sandwirt H Andreas Hofer
37%
9 1916 Das von Deutschland unterstützte Osmanische Reich besiegt die Entente in dieser Schlacht G Schlacht von {Gallipoli}
29%
22 1349 Während des Schwarzen Todes wird die jüdische Gemeinde dieser Stadt am Oberrhein durch ein Pogrom vernichtet S Speyer
24%
31 1773 Friedrich II. gründet diese preußische Provinz W Westpreußen
20%
3 1941 Martin Bormann erklärt diese in Deutschland weit verbreitete (Druck-)Schriftart zur "Judenschrift" und erklärt die Benutzung für unerwünscht F Fraktur
18%
17 1757 In diesem Krieg verhängt der Reichstag die Reichsexekution gegen Preußen D {Dritter Schlesischer} Krieg
13%
29 1860 Dieser deutsche Dichter, Freiheitskämpfer und Abgeordneter der Frankfurter Nationalversammlung stirbt in Bonn A Ernst Moritz Arndt
7%
8 1745 Während dieses Krieges schließen sich die Niederlande, Sachsen, Österreich und das Vereinigte Königreich zu einem gegen Preußen gerichteten Bündnis zusammen Z {Zweiter Schlesischer} Krieg
7%
Keine übereinstimmenden Quizze gefunden
Verteilung der Resultate
Anzahl Personen mit jedem Resultat
Perzentil nach korrekt beantworteten Fragen
Ihre Resultats-Entwicklung
Sie haben dieses Quiz noch nicht gespielt